[Event "ENCI Limburg-open A"]
[Site "Maastricht"]
[Date "2007.05.26"]
[Round "3"]
[White "Konings, Frans"]
[Black "Roggeveen, Pieter"]
[Result "1-0"]
[WhiteElo "2246"]
[BlackElo "2073"]
[PlyCount "87"]
[EventDate "2007.05.25"]
[EventType "swiss"]
[EventRounds "7"]
[EventCountry "NED"]
[Source "P.Boonen"]
[SourceDate "2010.01.01"]

1. d4 e6 2. Nf3 c5 3. e3 Nf6 4. Bd3 b6 5. Nbd2 Bb7 6. O-O Be7 7. c3 d6 8. Qe2
Nbd7 9. Re1 O-O 10. a3 e5 11. dxe5 Nxe5 12. Nxe5 dxe5 13. e4 Nd7 14. Nf1 Bg5
15. Rd1 Bxc1 16. Bb5 Bc8 17. Raxc1 Qe7 18. Bc6 Rb8 19. Qd3 Nf6 20. Qd6 Qxd6 21.
Rxd6 Ba6 22. Rcd1 Bxf1 23. Kxf1 Rfc8 24. a4 Kf8 25. g4 h6 26. h4 Rc7 27. f3 Ne8
28. Bxe8 Kxe8 29. g5 hxg5 30. hxg5 Ke7 31. Kg2 f6 32. Kg3 Rbb7 33. Kg4 Rb8 34.
gxf6+ gxf6 35. Kf5 Rh8 36. Re6+ Kf7 37. Rxf6+ Ke7 38. Kxe5 c4 39. Re6+ Kf7 40.
Red6 Ke7 41. f4 Rc5+ 42. R1d5 Rh2 43. Rxc5 bxc5 44. Rc6 1-0

[Event "ENCI Limburg-open A"]
[Site "Maastricht"]
[Date "2007.05.26"]
[Round "3"]
[White "Miesen, Fabian"]
[Black "Nelissen, Andy"]
[Result "1-0"]
[WhiteElo "2166"]
[BlackElo "1937"]
[PlyCount "73"]
[EventDate "2007.05.25"]
[EventType "swiss"]
[EventRounds "7"]
[EventCountry "NED"]
[Source "P.Boonen"]
[SourceDate "2010.01.01"]

1. e4 c5 2. b3 Nc6 3. Bb2 e6 4. f4 d5 5. e5 f6 6. Nf3 Be7 7. Be2 Nh6 8. O-O O-O
9. Nc3 Nf5 10. Bd3 Ncd4 11. Nxd4 Nxd4 12. Ne2 Nxe2+ 13. Qxe2 f5 14. Qf2 b6 15.
a4 a6 16. Ba3 Bb7 17. a5 Rb8 18. axb6 Qxb6 19. b4 d4 20. bxc5 Bxc5 21. Rfb1 Qc6
22. Bxc5 Qxc5 23. h3 Bd5 24. Rxb8 Rxb8 25. Rxa6 Rb1+ 26. Kh2 Qb4 27. c3 dxc3
28. Bxb1 Qxb1 29. dxc3 Qd3 30. Ra3 Qe4 31. Qg3 g6 32. Ra7 Bb7 33. Qg5 Qd5 34.
c4 Qc6 35. Qd8+ Kf7 36. Qf6+ Kg8 37. Rxb7 1-0

[Event "ENCI Limburg-open A"]
[Site "Maastricht"]
[Date "2007.05.26"]
[Round "3"]
[White "Moors, Hans"]
[Black "Winkelmann, Elena"]
[Result "1/2-1/2"]
[WhiteElo "2280"]
[BlackElo "2114"]
[PlyCount "71"]
[EventDate "2007.05.25"]
[EventType "swiss"]
[EventRounds "7"]
[EventCountry "NED"]
[Source "P.Boonen"]
[SourceDate "2010.01.01"]

1. Nf3 d5 2. c4 d4 3. g3 c5 4. Bg2 Nc6 5. d3 e5 6. b4 cxb4 7. O-O f6 8. a3 Be6
9. axb4 Bxb4 10. Ba3 Bxa3 11. Rxa3 Qd7 12. Nbd2 Bh3 13. c5 Bxg2 14. Kxg2 Nge7
15. Qb3 Qd5 16. Ne4 O-O 17. Rb1 Rab8 18. Nd6 b6 19. cxb6 axb6 20. Ra6 Qxb3 21.
Rxb3 Nd5 22. Nd2 Na5 23. Rb2 Rfd8 24. N6c4 Nxc4 25. dxc4 Nc3 26. Kf1 b5 27.
cxb5 Rxb5 28. Rxb5 Nxb5 29. f4 Nc3 30. fxe5 fxe5 31. Re6 d3 32. exd3 Rxd3 33.
Nc4 e4 34. Nd6 Rf3+ 35. Kg2 Rf8 36. Nxe4 1/2-1/2

[Event "ENCI Limburg-open A"]
[Site "Maastricht"]
[Date "2007.05.26"]
[Round "3"]
[White "Morren, Eric Jan"]
[Black "Saligo, Luc"]
[Result "0-1"]
[WhiteElo "1801"]
[BlackElo "2135"]
[PlyCount "127"]
[EventDate "2007.05.25"]
[EventType "swiss"]
[EventRounds "7"]
[EventCountry "NED"]
[Source "P.Boonen"]
[SourceDate "2010.01.01"]

1. c4 e5 2. g3 Nc6 3. Bg2 g6 4. Nc3 Bg7 5. Nf3 d6 6. d3 h6 7. Rb1 f5 8. Bd2 Nf6
9. Qc1 Ne7 10. e4 g5 11. h3 Be6 12. h4 g4 13. Ng1 c6 14. Nge2 Nh5 15. b3 Ng6
16. Rb2 f4 17. Bf1 O-O 18. Nd1 Qf6 19. Qc2 Rf7 20. Bc3 fxg3 21. fxg3 Raf8 22.
Bg2 Qe7 23. Qd2 Rf3 24. Bxf3 gxf3 25. Rg1 fxe2 26. Qxe2 Nf6 27. Nf2 h5 28. Qe3
Ng4 29. Nxg4 Bxg4 30. Rf2 c5 31. Rxf8+ Nxf8 32. Rf1 Qe6 33. Bd2 Qd7 34. Qf2 Ne6
35. Be3 Qc7 36. Qd2 Kh7 37. Qf2 Kg6 38. Qd2 Qe7 39. Qa5 b6 40. Qd2 Nd4 41. Bxd4
exd4 42. a4 Be5 43. Qf2 Kg7 44. Kd2 Bh3 45. Rh1 Qd7 46. Qh2 Be6 47. Qe2 Bg4 48.
Qg2 a6 49. Qf2 Qe7 50. Rf1 Be6 51. Qe2 Qe8 52. Qf2 b5 53. axb5 axb5 54. Ra1 Qb8
55. Kc2 bxc4 56. bxc4 Bxc4 57. Ra3 Be6 58. Qd2 Bf6 59. Qa5 Qb4 60. Qa7+ Bf7 61.
Kd1 Qb1+ 62. Ke2 Qc2+ 63. Kf3 Qd1+ 64. Kf2 0-1

[Event "ENCI Limburg-open A"]
[Site "Maastricht"]
[Date "2007.05.26"]
[Round "3"]
[White "Nijboer, Friso"]
[Black "Wemmers, Xander"]
[Result "1/2-1/2"]
[WhiteElo "2606"]
[BlackElo "2415"]
[PlyCount "121"]
[EventDate "2007.05.25"]
[EventType "swiss"]
[EventRounds "7"]
[EventCountry "NED"]
[Source "P.Boonen"]
[SourceDate "2010.01.01"]

1. e4 e5 2. Nf3 Nc6 3. Bb5 a6 4. Ba4 Nf6 5. O-O b5 6. Bb3 Bb7 7. d3 Bc5 8. a4
d6 9. Nc3 Na5 10. Ba2 b4 11. Ne2 Rb8 12. Ng3 Bc8 13. d4 exd4 14. Nxd4 Bxd4 15.
Qxd4 b3 16. Qc3 c5 17. cxb3 Be6 18. Bg5 Nc6 19. Rad1 Nd4 20. e5 dxe5 21. Qxc5
Qd5 22. Qc1 h5 23. h4 Ng4 24. Qd2 Rc8 25. Ne2 Rc2 26. Qxc2 Nxc2 27. Rxd5 Bxd5
28. Rd1 Nb4 29. Nc3 f6 30. Nxd5 Nxa2 31. f3 fxg5 32. fxg4 Kf7 33. hxg5 hxg4 34.
Kf2 Rb8 35. Kg3 Rxb3+ 36. Kxg4 Rxb2 37. Kf5 Rf2+ 38. Kxe5 Rxg2 39. Rf1+ Ke8 40.
Kf5 a5 41. Kg6 Rg4 42. Rf2 Nb4 43. Rf4 Rxg5+ 44. Kxg5 Nxd5 45. Rd4 Nb6 46. Kf5
Ke7 47. Ke5 g6 48. Ke4 Ke6 49. Kd3 g5 50. Re4+ Kf5 51. Kd4 Nxa4 52. Re5+ Kf4
53. Rxa5 Nb2 54. Ra2 g4 55. Rxb2 g3 56. Kd3 Kf3 57. Rb8 g2 58. Rf8+ Kg3 59. Ke2
g1=Q 60. Rg8+ Kh2 61. Rh8+ 1/2-1/2

[Event "ENCI Limburg-open A"]
[Site "Maastricht"]
[Date "2007.05.26"]
[Round "3"]
[White "Oosterman, Maarten Jan"]
[Black "Saligo, Pieter"]
[Result "1-0"]
[WhiteElo "1959"]
[BlackElo "1807"]
[PlyCount "93"]
[EventDate "2007.05.25"]
[EventType "swiss"]
[EventRounds "7"]
[EventCountry "NED"]
[Source "P.Boonen"]
[SourceDate "2010.01.01"]

1. e4 c5 2. c3 d5 3. exd5 Qxd5 4. d4 Nf6 5. Nf3 Bg4 6. Be2 e6 7. O-O Be7 8. c4
Qd8 9. h3 Bh5 10. Be3 cxd4 11. Nxd4 Bxe2 12. Qxe2 O-O 13. Nc3 a6 14. a3 Qc7 15.
Rac1 Nc6 16. b4 Rfd8 17. Rfd1 Rd7 18. Nb3 Rad8 19. Nc5 Bxc5 20. Bxc5 Nd4 21.
Bxd4 Rxd4 22. Rxd4 Rxd4 23. Rd1 Qd7 24. Rxd4 Qxd4 25. Qd1 Qxd1+ 26. Nxd1 Ne4
27. Ne3 Kf8 28. Kf1 Ke7 29. Ke2 f5 30. f3 Nf6 31. Kd3 g5 32. Kd4 Nd7 33. c5 h5
34. Nc4 Nb8 35. Na5 Kf6 36. Nxb7 Nc6+ 37. Ke3 Ke5 38. Nd6 Kd5 39. Ne8 f4+ 40.
Kd3 Ne5+ 41. Kc3 Kc6 42. Ng7 g4 43. Nxe6 gxf3 44. gxf3 Ng6 45. Kd4 Kd7 46. Ng7
Nh4 47. Ke4 1-0

[Event "ENCI Limburg-open A"]
[Site "Maastricht"]
[Date "2007.05.26"]
[Round "3"]
[White "Pastoor, Ernst Jan"]
[Black "Dek, Lennart"]
[Result "0-1"]
[WhiteElo "1825"]
[BlackElo "2196"]
[PlyCount "94"]
[EventDate "2007.05.25"]
[EventType "swiss"]
[EventRounds "7"]
[EventCountry "NED"]
[Source "P.Boonen"]
[SourceDate "2010.01.01"]

1. d4 d6 2. Nf3 Bg4 3. Nbd2 Nd7 4. g3 c6 5. c3 Ngf6 6. Bg2 e5 7. dxe5 dxe5 8.
O-O Be7 9. Qb3 Qc7 10. Nc4 O-O 11. Ne3 Bh5 12. Rd1 Bc5 13. a4 e4 14. Ng5 Bxe2
15. Re1 Bd3 16. Nf5 Qe5 17. Bh3 h6 18. Nf3 Qd5 19. N3d4 Qxb3 20. Nxb3 Bb6 21.
Bf4 Nc5 22. Nbd4 a5 23. Be5 Ncd7 24. Bf4 Rfd8 25. Rad1 Nc5 26. b3 Nd5 27. Bd2
Bc7 28. c4 Nb4 29. Bc3 Be5 30. f4 Bf6 31. Ba1 Kh7 32. g4 g6 33. g5 hxg5 34.
fxg5 Bxg5 35. Ng3 f5 36. Kh1 Bf6 37. Ngxf5 gxf5 38. Bxf5+ Kh8 39. Re3 Kg8 40.
Rg3+ Kf7 41. Rh3 Bxd4 42. Bxd4 Rxd4 43. Bg6+ Ke6 44. Rh6 Kd6 45. Rg1 Nd7 46.
Bf5+ Kc7 47. c5 e3 0-1

[Event "ENCI Limburg-open A"]
[Site "Maastricht"]
[Date "2007.05.26"]
[Round "3"]
[White "Ringoir, Tanguy"]
[Black "Clevers, Egbert"]
[Result "1-0"]
[WhiteElo "2199"]
[BlackElo "1973"]
[PlyCount "105"]
[EventDate "2007.05.25"]
[EventType "swiss"]
[EventRounds "7"]
[EventCountry "NED"]
[Source "P.Boonen"]
[SourceDate "2010.01.01"]

1. e4 Nc6 2. Nf3 e6 3. d4 b6 4. c4 Bb7 5. Nc3 h6 6. Be2 g5 7. d5 Nce7 8. O-O
Ng6 9. Be3 e5 10. Rc1 Nf6 11. Ne1 Bb4 12. f3 Nh5 13. g3 Ng7 14. Nd3 Bxc3 15.
Rxc3 f5 16. f4 gxf4 17. Bh5 Nxh5 18. Qxh5 Qg5 19. Qxg5 hxg5 20. exf5 Ne7 21.
Nxe5 fxe3 22. Rxe3 O-O-O 23. Nf7 Nxd5 24. cxd5 Bxd5 25. Nxh8 Rxh8 26. f6 Be6
27. b3 Kd8 28. Re5 g4 29. Rg5 Ke8 30. Rg7 Rf8 31. h3 gxh3 32. g4 Rh8 33. Kh2
Rh4 34. f7+ Bxf7 35. Rfxf7 Rxg4 36. Rxg4 Kxf7 37. Kxh3 Ke6 38. Kg3 Kd6 39. Rg7
Kc6 40. Kf4 Kd6 41. Rg6+ Kd5 42. Rg5+ Kd6 43. Ke4 a6 44. Kd4 c5+ 45. Kc4 b5+
46. Kd3 Kc6 47. Rg6+ d6 48. Ke4 a5 49. Rh6 a4 50. bxa4 bxa4 51. a3 Kb5 52. Rxd6
Kc4 53. Rd3 1-0

[Event "ENCI Limburg-open A"]
[Site "Maastricht"]
[Date "2007.05.26"]
[Round "3"]
[White "Roufs, Gerard"]
[Black "Seip, Rien"]
[Result "0-1"]
[WhiteElo "1878"]
[BlackElo "2093"]
[PlyCount "78"]
[EventDate "2007.05.25"]
[EventType "swiss"]
[EventRounds "7"]
[EventCountry "NED"]
[Source "P.Boonen"]
[SourceDate "2010.01.01"]

1. e4 e6 2. d4 d5 3. Nc3 Nf6 4. Bg5 Be7 5. e5 Nfd7 6. Bxe7 Qxe7 7. f4 O-O 8.
Nf3 c5 9. Qd2 Nc6 10. O-O-O a6 11. g4 b5 12. Ne2 f6 13. dxc5 fxe5 14. Nxe5
Ndxe5 15. fxe5 Qxc5 16. Nd4 Nxe5 17. Qg5 Nc6 18. Nxc6 Qxc6 19. Bd3 Qd6 20. Qh5
Qf4+ 21. Kb1 Qh6 22. Qe5 Qf4 23. Qh5 Qh6 24. Qe5 Qf6 25. Qh5 g6 26. Qh3 e5 27.
Rhf1 Qg7 28. Rxf8+ Qxf8 29. Rf1 Qg7 30. Qg3 Be6 31. Re1 e4 32. Be2 Qd7 33. h3
Rc8 34. Qe5 Bf7 35. Qg5 Qc7 36. Rc1 d4 37. h4 d3 38. Bf1 Qc4 39. b3 dxc2+ 0-1

[Event "ENCI Limburg-open A"]
[Site "Maastricht"]
[Date "2007.05.26"]
[Round "3"]
[White "Schaeken, Yordi"]
[Black "Scholzen, Wolfgang"]
[Result "1-0"]
[WhiteElo "1876"]
[BlackElo "2001"]
[PlyCount "73"]
[EventDate "2007.05.25"]
[EventType "swiss"]
[EventRounds "7"]
[EventCountry "NED"]
[Source "P.Boonen"]
[SourceDate "2010.01.01"]

1. e4 e5 2. Nf3 Nc6 3. Nc3 Nf6 4. Bb5 d6 5. d4 exd4 6. Nxd4 Bd7 7. Bxc6 bxc6 8.
Qf3 c5 9. Nf5 Bxf5 10. exf5 d5 11. O-O Be7 12. Re1 O-O 13. Bg5 c6 14. Qg3 Kh8
15. Qh4 Re8 16. Qa4 Qc7 17. Bxf6 gxf6 18. g3 Rg8 19. Re2 c4 20. b4 Bd6 21. Rf1
Rgb8 22. a3 a5 23. b5 Be5 24. b6 Qxb6 25. Nd1 Rg8 26. Kg2 Rg5 27. f4 Rxf5 28.
fxe5 Rxf1 29. Kxf1 Qd4 30. c3 Qd3 31. Nf2 Qxc3 32. Qxc6 Rb8 33. exf6 Kg8 34.
Ng4 Rb1+ 35. Kg2 h5 36. Nh6+ Kh7 37. Nf5 1-0

[Event "ENCI Limburg-open A"]
[Site "Maastricht"]
[Date "2007.05.26"]
[Round "3"]
[White "Schebler, Gerhard"]
[Black "Pijpers, Arthur"]
[Result "1-0"]
[WhiteElo "2530"]
[BlackElo "1835"]
[PlyCount "51"]
[EventDate "2007.05.25"]
[EventType "swiss"]
[EventRounds "7"]
[EventCountry "NED"]
[Source "P.Boonen"]
[SourceDate "2010.01.01"]

1. Nf3 Nf6 2. c4 c5 3. Nc3 e6 4. g3 d5 5. cxd5 exd5 6. d4 Nc6 7. Bg2 Bd6 8. Bg5
Be6 9. O-O O-O 10. e4 Be7 11. Bxf6 Bxf6 12. exd5 cxd4 13. dxe6 dxc3 14. bxc3
fxe6 15. Qb3 Qe7 16. Rae1 Rfe8 17. Bh3 Nd8 18. Nd4 Bxd4 19. cxd4 Qd6 20. Re4
Re7 21. Rfe1 Kf8 22. Bxe6 Nxe6 23. Rxe6 Rxe6 24. Rxe6 Qxd4 25. Qxb7 Re8 26.
Qf3+ 1-0

[Event "ENCI Limburg-open A"]
[Site "Maastricht"]
[Date "2007.05.26"]
[Round "3"]
[White "Schotanus, Fred"]
[Black "Klein, Gernot"]
[Result "0-1"]
[WhiteElo "1791"]
[BlackElo "1988"]
[PlyCount "56"]
[EventDate "2007.05.25"]
[EventType "swiss"]
[EventRounds "7"]
[EventCountry "NED"]
[Source "P.Boonen"]
[SourceDate "2010.01.01"]

1. e4 c5 2. Nc3 e6 3. g3 Nc6 4. Bg2 Nf6 5. d3 d5 6. exd5 exd5 7. Nge2 Be7 8.
O-O O-O 9. Bd2 Re8 10. Nf4 Bg4 11. Qc1 d4 12. Ncd5 Nxd5 13. Nxd5 Bd6 14. Bf4
Bxf4 15. Qxf4 Be6 16. Qf3 Ne5 17. Qe4 Bd7 18. f4 Nc4 19. Ne7+ Rxe7 20. Qxb7 Rb8
21. Qxa7 Ne3 22. Rf2 Nxg2 23. Rxg2 Bc6 24. Qxc5 Bxg2 25. Kxg2 Rxb2 26. Kf1 Rc7
27. Qa5 Rbxc2 28. Re1 Rc1 0-1

[Event "ENCI Limburg-open A"]
[Site "Maastricht"]
[Date "2007.05.26"]
[Round "3"]
[White "Schut, Lisa"]
[Black "Perrenet, Jacob"]
[Result "1-0"]
[WhiteElo "1918"]
[BlackElo "2024"]
[PlyCount "79"]
[EventDate "2007.05.25"]
[EventType "swiss"]
[EventRounds "7"]
[EventCountry "NED"]
[Source "P.Boonen"]
[SourceDate "2010.01.01"]

1. e4 g5 2. d4 h6 3. f4 Bg7 4. fxg5 hxg5 5. Bxg5 c5 6. Be3 Qb6 7. Nc3 cxd4 8.
Nd5 dxe3 9. Nxb6 axb6 10. c3 Nf6 11. Bd3 d5 12. Bb5+ Bd7 13. Bxd7+ Nbxd7 14.
Ne2 dxe4 15. Nd4 Ra5 16. Qe2 Rg5 17. O-O-O Ne5 18. h4 Nd3+ 19. Kb1 Rc5 20. Nb3
Rc6 21. Qxe3 Bh6 22. Qe2 Rg8 23. Rhf1 Re6 24. Nd4 Nf4 25. Qb5+ Kf8 26. Nxe6+
Nxe6 27. Qxb6 e3 28. Rfe1 Rxg2 29. Rxe3 Bxe3 30. Qxe3 Rh2 31. Qb6 Rxh4 32. Qxb7
Ne4 33. Qb8+ Kg7 34. Rg1+ Kf6 35. Rf1+ Kg7 36. Rg1+ Kf6 37. a4 Nd2+ 38. Kc2 Nf3
39. Rf1 Neg5 40. Qg3 1-0

[Event "ENCI Limburg-open A"]
[Site "Maastricht"]
[Date "2007.05.26"]
[Round "3"]
[White "Skrijelj, Redzep"]
[Black "Rogers, Ian"]
[Result "0-1"]
[WhiteElo "2006"]
[BlackElo "2513"]
[PlyCount "80"]
[EventDate "2007.05.25"]
[EventType "swiss"]
[EventRounds "7"]
[EventCountry "NED"]
[Source "P.Boonen"]
[SourceDate "2010.01.01"]

1. d4 Nf6 2. c4 c5 3. d5 b5 4. cxb5 a6 5. bxa6 g6 6. b3 Bg7 7. Bb2 O-O 8. g3
Nxa6 9. Bg2 Bb7 10. Nf3 Bxd5 11. O-O d6 12. Nc3 Bc6 13. Qd2 Qb6 14. Rfe1 Qb7
15. Rab1 Rfb8 16. Nh4 Nb4 17. Bxc6 Qxc6 18. a4 d5 19. Nf3 d4 20. Nb5 Ne4 21.
Qf4 f5 22. Ne5 Qe6 23. Nc4 Nd5 24. Qc1 f4 25. Nd2 fxg3 26. hxg3 Bh6 27. e3 Nxf2
28. Qxc5 dxe3 29. Qd4 Nf6 30. Nf1 Rd8 31. Qh4 Bg5 32. Qc4 Nd5 33. Nc7 Qh3 34.
Nxe3 Qxg3+ 35. Ng2 Nh3+ 36. Kh1 Qxc7 37. Qxc7 Nxc7 38. Be5 Nd5 39. Kh2 Nf2 40.
Bg3 Nd3 0-1

[Event "ENCI Limburg-open A"]
[Site "Maastricht"]
[Date "2007.05.26"]
[Round "3"]
[White "Snoeck, Rene"]
[Black "Pedersen, Lars Erik"]
[Result "1-0"]
[WhiteElo "1897"]
[BlackElo "2053"]
[PlyCount "74"]
[EventDate "2007.05.25"]
[EventType "swiss"]
[EventRounds "7"]
[EventCountry "NED"]
[Source "P.Boonen"]
[SourceDate "2010.01.01"]

1. d4 d5 2. c4 dxc4 3. e4 e5 4. Nf3 exd4 5. Bxc4 Nc6 6. O-O Be6 7. Bb5 Bc5 8.
Qc2 Bb6 9. a4 a6 10. Bxc6+ bxc6 11. a5 Ba7 12. Qxc6+ Bd7 13. Qxa6 Qb8 14. Na3
Ne7 15. Ne5 Bb6 16. Nxd7 Rxa6 17. Nxb8 Rxa5 18. Nc2 d3 19. Rxa5 Bxa5 20. b4
dxc2 21. bxa5 O-O 22. Na6 Nc6 23. Nxc7 Nxa5 24. Nd5 Nb3 25. Nb4 Rc8 26. f3 Rc4
27. Na2 Ra4 28. Nc3 Ra1 29. Ne2 Rb1 30. Be3 f6 31. Nc1 Kf7 32. Nxb3 Rxb3 33.
Bc1 Ke6 34. Kf2 f5 35. exf5+ Kxf5 36. Ke2 Rb7 37. Kd2 Rc7 1-0

[Event "ENCI Limburg-open A"]
[Site "Maastricht"]
[Date "2007.05.26"]
[Round "3"]
[White "Spronkmans, Stefan"]
[Black "Telke, Holger"]
[Result "0-1"]
[WhiteElo "1965"]
[BlackElo "2163"]
[PlyCount "128"]
[EventDate "2007.05.25"]
[EventType "swiss"]
[EventRounds "7"]
[EventCountry "NED"]
[Source "P.Boonen"]
[SourceDate "2010.01.01"]

1. Nc3 d5 2. e4 e6 3. exd5 exd5 4. d4 Bf5 5. Bd3 Bxd3 6. Qxd3 c6 7. Bf4 Bd6 8.
Bxd6 Qxd6 9. Nf3 Nd7 10. O-O-O Ne7 11. Rhe1 O-O 12. g3 b5 13. Ne5 Nb6 14. Qf3
Ng6 15. Nd3 Rfe8 16. h4 Re6 17. Nc5 Rf6 18. Qe2 a5 19. Nb1 Nf8 20. f4 Ne6 21.
Qf2 Nc7 22. Re2 b4 23. Rde1 h5 24. Re7 Kf8 25. Qe2 Ne6 26. Nxe6+ Rxe6 27. Rxe6
Qxe6 28. Qxe6 fxe6 29. Rxe6 Re8 30. Rxe8+ Kxe8 31. b3 Nc8 32. c4 Nd6 33. cxd5
cxd5 34. Nd2 Nf5 35. Nf1 Nxd4 36. Ne3 Ne2+ 37. Kd2 Nxg3 38. Nxd5 Nf5 39. Nb6
Nxh4 40. Nc4 Ng2 41. Nxa5 Nxf4 42. Nc4 Ke7 43. a3 bxa3 44. Nxa3 Nd5 45. Nc2 Ke6
46. Ke2 Ke5 47. Kf3 g5 48. b4 Nc3 49. Ne3 Nb5 50. Nf1 Nd4+ 51. Kf2 h4 52. Ne3
Ke4 53. Nd1 g4 54. Nc3+ Kf4 55. Nd5+ Ke5 56. Ne3 g3+ 57. Kg2 Ke4 58. Nf1 Ne2
59. b5 Nf4+ 60. Kg1 Nd5 61. Nd2+ Kf4 62. Nf1 h3 63. Nd2 h2+ 64. Kh1 Ne3 0-1

[Event "ENCI Limburg-open A"]
[Site "Maastricht"]
[Date "2007.05.26"]
[Round "3"]
[White "Swinkels, Robin"]
[Black "Nijs, Nils"]
[Result "1/2-1/2"]
[WhiteElo "2433"]
[BlackElo "1986"]
[PlyCount "105"]
[EventDate "2007.05.25"]
[EventType "swiss"]
[EventRounds "7"]
[EventCountry "NED"]
[Source "P.Boonen"]
[SourceDate "2010.01.01"]

1. e4 c5 2. Nf3 d6 3. d4 cxd4 4. Nxd4 Nf6 5. Nc3 g6 6. Be3 Bg7 7. f3 O-O 8. Qd2
Nc6 9. O-O-O d5 10. exd5 Nxd5 11. Nxc6 bxc6 12. Bd4 Nxc3 13. Qxc3 Bxd4 14. Rxd4
Qb6 15. Bc4 Ba6 16. Rhd1 Bxc4 17. Qxc4 e6 18. b3 Rad8 19. Rxd8 Rxd8 20. Rxd8+
Qxd8 21. Qxc6 Qg5+ 22. Kb1 Qxg2 23. Qa8+ Kg7 24. Qxa7 Qxf3 25. a4 e5 26. a5 e4
27. Qd4+ Kh6 28. Kb2 e3 29. a6 e2 30. Qd2+ Kg7 31. a7 Qf6+ 32. Ka2 Qa6+ 33. Kb2
Qf6+ 34. Ka2 Qa6+ 35. Kb1 Qxa7 36. Qxe2 Qd4 37. Qe7 Qd1+ 38. Kb2 Qd4+ 39. Kb1
Qd1+ 40. Kb2 Qd4+ 41. Ka3 Qc3 42. Qe2 f5 43. Qe7+ Kg8 44. Qe6+ Kg7 45. Ka4 Qxc2
46. Qe7+ Kg8 47. Qd8+ Kf7 48. Qd7+ Kf6 49. Qd6+ Kg7 50. Qg3 Kf6 51. Qd6+ Kg5
52. Qg3+ Kf6 53. Qd6+ 1/2-1/2

[Event "ENCI Limburg-open A"]
[Site "Maastricht"]
[Date "2007.05.26"]
[Round "3"]
[White "Van Beek, Alexander"]
[Black "Korneev, Oleg"]
[Result "0-1"]
[WhiteElo "2373"]
[BlackElo "2565"]
[PlyCount "96"]
[EventDate "2007.05.25"]
[EventType "swiss"]
[EventRounds "7"]
[EventCountry "NED"]
[Source "P.Boonen"]
[SourceDate "2010.01.01"]

1. Nf3 d5 2. d4 Nf6 3. c4 e6 4. Nc3 c6 5. cxd5 exd5 6. Bg5 Be7 7. e3 Bf5 8. Bd3
Bxd3 9. Qxd3 Nbd7 10. O-O O-O 11. Rab1 a5 12. Qc2 Re8 13. Rfc1 Ne4 14. Nxe4
dxe4 15. Bxe7 Qxe7 16. Nd2 Nf6 17. Qc5 Nd5 18. Qxe7 Rxe7 19. a3 f5 20. b4 axb4
21. axb4 f4 22. exf4 Ra2 23. Nc4 Nxf4 24. Rd1 Nd5 25. Re1 Nc3 26. Ra1 Rxa1 27.
Rxa1 Kf7 28. Kf1 Ke6 29. Rc1 Nb5 30. Re1 Nd6 31. Nb6 Rf7 32. Ke2 Rf5 33. Na4
Rb5 34. Rb1 Nf5 35. Nc3 Nxd4+ 36. Ke3 Rxb4 37. Rxb4 Nc2+ 38. Kxe4 Nxb4 39. f4
Nd5 40. Ne2 Nf6+ 41. Kd4 Kd6 42. Nc3 b5 43. h3 c5+ 44. Kd3 b4 45. Nb5+ Kc6 46.
Kc4 Ne4 47. Na7+ Kb7 48. Nb5 Kb6 0-1

[Event "ENCI Limburg-open A"]
[Site "Maastricht"]
[Date "2007.05.26"]
[Round "3"]
[White "Van Eijk, Sander"]
[Black "Laarhoven, Thijs"]
[Result "1/2-1/2"]
[WhiteElo "2259"]
[BlackElo "2107"]
[PlyCount "169"]
[EventDate "2007.05.25"]
[EventType "swiss"]
[EventRounds "7"]
[EventCountry "NED"]
[Source "P.Boonen"]
[SourceDate "2010.01.01"]

1. e4 d5 2. exd5 Qxd5 3. Nc3 Qa5 4. d4 Nf6 5. Nf3 c6 6. Bd2 Bf5 7. Ne4 Qc7 8.
Nxf6+ exf6 9. g3 Bd6 10. Bg2 O-O 11. O-O Re8 12. Nh4 Be6 13. b3 Qc8 14. Re1 Nd7
15. c4 Nf8 16. Bc3 Bd7 17. Rxe8 Bxe8 18. Qd3 Bd7 19. b4 Bc7 20. a4 a6 21. d5
cxd5 22. cxd5 Bd6 23. Be4 Qc7 24. Nf5 Bxf5 25. Bxf5 Rd8 26. Bd2 g6 27. Rc1 Qe7
28. Re1 Qc7 29. Bh3 Nd7 30. Rc1 Qb8 31. Bxd7 Rxd7 32. b5 axb5 33. Qxb5 Qd8 34.
Ba5 Qe7 35. Re1 Be5 36. Bb4 Qd8 37. Rd1 f5 38. d6 Bf6 39. Re1 Kg7 40. Ba5 Qc8
41. Bc7 f4 42. Kg2 fxg3 43. hxg3 h5 44. Rb1 h4 45. Qxb7 Qe8 46. Qf3 hxg3 47.
fxg3 Qe6 48. Rb3 Bd4 49. a5 Qe1 50. Rd3 Qg1+ 51. Kh3 Ba7 52. Rd1 Qc5 53. Qd5
Qe3 54. Rd3 Qe2 55. Qf3 Qe6+ 56. Kg2 Qa2+ 57. Kf1 Qc4 58. Qe2 Qc5 59. Qf3 Qc4
60. Kg2 Qa2+ 61. Kh3 Qe6+ 62. g4 Qe1 63. Rd1 Qe5 64. Qg3 Qe2 65. Re1 Qd2 66.
Re8 Bd4 67. Bb6 Qh6+ 68. Qh4 Qxh4+ 69. Kxh4 Rxd6 70. Bc7 Rc6 71. Bg3 Ra6 72.
Be1 f6 73. Re7+ Kg8 74. Kg3 Bc5 75. Rb7 Kf8 76. Kf3 Re6 77. Bb4 Bxb4 78. Rxb4
Ra6 79. Ra4 Ke7 80. Ke3 Kd6 81. Kd4 Kc6 82. Kc4 Ra8 83. Ra1 f5 84. g5 Ra6 85.
Ra4 1/2-1/2

[Event "ENCI Limburg-open A"]
[Site "Maastricht"]
[Date "2007.05.26"]
[Round "3"]
[White "Van Eijndhoven, Erik"]
[Black "Miedema, Roi"]
[Result "1/2-1/2"]
[WhiteElo "2026"]
[BlackElo "2248"]
[PlyCount "149"]
[EventDate "2007.05.25"]
[EventType "swiss"]
[EventRounds "7"]
[EventCountry "NED"]
[Source "P.Boonen"]
[SourceDate "2010.01.01"]

1. Nf3 Nf6 2. g3 b6 3. Bg2 Bb7 4. O-O e6 5. c4 Be7 6. b3 c5 7. Bb2 d6 8. Nc3
O-O 9. d3 a6 10. e4 Qc7 11. Re1 Nbd7 12. Qe2 Rfe8 13. Nh4 Ne5 14. f4 Nc6 15.
Nf3 Nd4 16. Nxd4 cxd4 17. Nd1 e5 18. Bh3 b5 19. Rc1 bxc4 20. Rxc4 Qb8 21. Nf2
d5 22. exd5 exf4 23. Ne4 Nxe4 24. dxe4 fxg3 25. Bxd4 gxh2+ 26. Qxh2 Qxh2+ 27.
Kxh2 Bd6+ 28. e5 Bxd5 29. Rc8 Bb4 30. Rec1 Raxc8 31. Bxc8 a5 32. Bd7 Rd8 33.
Bb6 Ra8 34. Rd1 Bf3 35. Rd3 Be4 36. Re3 Bb1 37. e6 fxe6 38. Bxe6+ Kh8 39. a4 h6
40. Bd5 Rb8 41. Bc7 Rc8 42. Bg3 Rd8 43. Bc4 Rd2+ 44. Kh1 Rd1+ 45. Kg2 Kh7 46.
Re8 Bf5 47. Kf3 g5 48. Be5 Rd7 49. Bb5 Rf7 50. Rh8+ Kg6 51. Be8 Be6+ 52. Ke4
Bf5+ 53. Kd5 Bc2 54. Kc4 Kf5 55. Bxf7 Kxe5 56. Rxh6 g4 57. Bd5 Bxb3+ 58. Kxb3
Kxd5 59. Rg6 Kc5 60. Rg5+ Kc6 61. Kc4 g3 62. Rxg3 Bd2 63. Rg6+ Kb7 64. Kb5 Bf4
65. Kxa5 Be5 66. Kb5 Bf4 67. a5 Ka8 68. a6 Be3 69. Rg8+ Ka7 70. Rg7+ Ka8 71.
Rb7 Bf2 72. Rf7 Be3 73. Rf8+ Ka7 74. Kc6 Bc1 75. Rf1 1/2-1/2

[Event "ENCI Limburg-open A"]
[Site "Maastricht"]
[Date "2007.05.26"]
[Round "3"]
[White "Van Haren, Marcel"]
[Black "Vrendenborg, Carel"]
[Result "0-1"]
[WhiteElo "1815"]
[BlackElo "2023"]
[PlyCount "66"]
[EventDate "2007.05.25"]
[EventType "swiss"]
[EventRounds "7"]
[EventCountry "NED"]
[Source "P.Boonen"]
[SourceDate "2010.01.01"]

1. e4 e5 2. Bc4 Nc6 3. Nf3 Nf6 4. d4 exd4 5. O-O d6 6. Nxd4 Be7 7. Nc3 O-O 8.
a4 Nxd4 9. Qxd4 Be6 10. Bxe6 fxe6 11. e5 dxe5 12. Qxe5 Qd6 13. Re1 Ng4 14.
Qxe6+ Qxe6 15. Rxe6 Bd6 16. g3 Nxf2 17. Rxd6 cxd6 18. Be3 Ne4 19. Nxe4 Rae8 20.
Nxd6 Rxe3 21. Nxb7 Re2 22. Nc5 Rff2 23. Nd3 Rg2+ 24. Kf1 Rxc2 25. b4 Rxh2 26.
Kg1 Rcg2+ 27. Kf1 Rd2 28. Kg1 Rh3 29. Nc5 Rxg3+ 30. Kf1 h5 31. a5 h4 32. Ne4
Rf3+ 33. Kg1 Re2 0-1